000 00308nam a22001337a 4500
008 171023b xxu||||| |||| 00| 0 eng d
020 _a9780023791826
041 _aeng
080 _a311
100 _a55
101 _aSTA
245 _aSTATISTICS FOR BUSINESS AND ECONOMICS
_cMCLAVE, J.T
942 _2udc
_cBK
999 _c35582
_d35582